000 00567nam a2200217Ia 4500
005 20241216010829.0
008 190212s9999||||xx |||||||||||||| ||und||
020 _a84-85535-14-6
082 _a610.7
_bI61
100 _aINTERAMERICANAS
245 0 _aCLINICAS DE ENFERMERIA DE NORTEAMERICA 1 - 2
_bTRAUMA
250 _a0
260 _aESPAÑA
_bROL S.A.
_c1982
300 _a232 pag
_c23 cm
341 _h0
490 _v2
_a1
505 _aTRAUMATOLOGIA'QUIMIOTERAPIA CANCER
541 _aC
_d20-Oct-99
_oSoles
650 _aCIENCIAS APLICADAS
942 _cLIBRO
999 _c25234
_d25234